[Event "Corus B"]
[Site "Wijk aan Zee NED"]
[Date "2005.01.26"]
[Round "10"]
[White "Stellwagen,D"]
[Black "Mamedyarov,S"]
[Result "1/2-1/2"]
[WhiteElo "2524"]
[BlackElo "2657"]

1.e4 e5 2.Nf3 Nf6 3.Nxe5 d6 4.Nf3 Nxe4 5.d4 d5 6.Bd3 Bd6 7.O-O O-O 8.c4 c6
9.Nc3 Re8 10.Re1 Nxc3 11.bxc3 Rxe1+ 12.Qxe1 h6 13.c5 Bc7 14.Nh4 b6 15.Nf5 Be6
16.Ba3 Nd7 17.cxb6 axb6 18.Ne7+ Kh8 19.Nxc6 Bxh2+ 20.Kxh2 Qc7+ 21.Kg1 Rxa3
22.Qc1 Ra8 23.Bb5 Qd6 24.a4 Rc8 25.Na7 Rc7 26.Bxd7 Qxd7 27.Nb5 Rc6 28.Qf4 Qd8
29.Re1 Kg8 30.Re3 Rc4 31.Rg3 g5 32.Qe5 Rxa4 33.Nc7 Kh7 34.Nxe6 fxe6 35.Qxe6 Ra1+
36.Kh2 Qc7 37.Qf5+ Kg7 38.f4 Rf1 39.Qe5+  1/2-1/2

[Event "Aeroflot Open"]
[Site "Moscow RUS"]
[Date "2005.02.16"]
[Round "2"]
[White "David,Alb"]
[Black "Mamedyarov,S"]
[Result "1/2-1/2"]
[WhiteElo "2573"]
[BlackElo "2657"]

1.e4 e5 2.Nf3 Nf6 3.Nxe5 d6 4.Nf3 Nxe4 5.d4 d5 6.Bd3 Bd6 7.O-O O-O 8.c4 c6
9.Re1 Re8 10.cxd5 cxd5 11.Nc3 Nxc3 12.Rxe8+ Qxe8 13.bxc3 b6 14.Qb3 Be6 15.Ba3 Bxa3
16.Qxa3 h6 17.Ne5 Nd7 18.Bb5 Qf8 19.Qxf8+ Nxf8 20.a4 Rc8 21.Ra3 Rc7  1/2-1/2

[Event "Aeroflot Open"]
[Site "Moscow RUS"]
[Date "2005.02.17"]
[Round "3"]
[White "Mamedyarov,S"]
[Black "Karjakin,Sergey"]
[Result "1-0"]
[WhiteElo "2657"]
[BlackElo "2599"]

1.c4 e5 2.Nc3 Nf6 3.Nf3 Nc6 4.g3 d5 5.cxd5 Nxd5 6.Bg2 Nb6 7.O-O Be7 8.d3 O-O
9.Be3 Bg4 10.Rc1 Kh8 11.Na4 Nd7 12.a3 f5 13.b4 Bd6 14.b5 Ne7 15.Nc5 Nxc5
16.Bxc5 Qd7 17.Qb3 f4 18.Rc2 Rac8 19.Rfc1 Be6 20.Qb4 fxg3 21.hxg3 b6 22.Bxd6 cxd6
23.Rxc8 Rxc8 24.Rxc8+ Nxc8 25.d4 exd4 26.Nxd4 Bg8 27.Nc6 h6 28.Qf4 Ne7 29.Qf8 Ng6
30.Qb8 Qe6 31.Bf3 Ne5 32.Nxe5 dxe5 33.Bc6 Qc4 34.Qxa7 Qxe2 35.Qxb6 Bc4 36.Qc5 e4
37.b6 Qd1+ 38.Kh2  1-0

[Event "Aeroflot Open"]
[Site "Moscow RUS"]
[Date "2005.02.19"]
[Round "5"]
[White "Mamedyarov,S"]
[Black "Anastasian,A"]
[Result "1/2-1/2"]
[WhiteElo "2657"]
[BlackElo "2568"]

1.d4 e6 2.Nf3 Nf6 3.Bg5 h6 4.Bh4 Be7 5.Nbd2 c5 6.e3 cxd4 7.exd4 b6 8.Bd3 Bb7
9.c3 d6 10.O-O Nbd7 11.Re1 O-O 12.Bxf6 Nxf6 13.Ne4 Qc7 14.Nxf6+ Bxf6 15.Bc2 g6
16.Re3 Rae8 17.Qe2 Re7 18.Re1 a6 19.h4 Bxf3 20.Rxf3 Bxh4 21.Qxa6 Kg7 22.Bb3 e5
23.dxe5 dxe5 24.Re4 Bg5 25.Rd3 Qc6 26.Qa4 Qxa4 27.Rxa4 Bc1 28.Bd5 Bxb2 29.Rb4 e4
30.Rxe4 Rxe4 31.Bxe4 Re8 32.Bd5 Re1+ 33.Kh2 Ba3 34.Bb3 f5 35.Rd2 Kf6 36.g3 Bc5
37.Kg2 g5 38.Bc2 Rc1 39.a4 g4 40.a5 bxa5 41.Bxf5 a4 42.Bxg4 a3 43.Bf3 Rxc3
44.Bd5 Rc1  1/2-1/2

[Event "Aeroflot Open"]
[Site "Moscow RUS"]
[Date "2005.02.22"]
[Round "8"]
[White "Fedorov,Alex"]
[Black "Mamedyarov,S"]
[Result "1/2-1/2"]
[WhiteElo "2603"]
[BlackElo "2657"]

1.e4 c5 2.Nc3 d6 3.Nge2 a6 4.g3 b5 5.Bg2 Bb7 6.O-O e6 7.d4 cxd4 8.Nxd4 Nc6
9.a4 b4 10.Na2 Nxd4 11.Qxd4 a5 12.Rd1 Ne7 13.b3 Nc6 14.Qd2 Be7 15.c3 Qb6
16.cxb4 axb4 17.Qe3 Qxe3 18.Bxe3 O-O 19.Rac1 Rfc8 20.h3 h6 21.Rc4 Ba6 22.Rc2 Na5
23.Rxc8+ Bxc8 24.Nxb4 Nxb3 25.e5 d5 26.Nxd5 exd5 27.Bxd5 Rxa4 28.Bxb3 Rb4  1/2-1/2

[Event "Aeroflot Open"]
[Site "Moscow RUS"]
[Date "2005.02.23"]
[Round "9"]
[White "Mamedyarov,S"]
[Black "Yakovich,Yur"]
[Result "1-0"]
[WhiteElo "2657"]
[BlackElo "2585"]

1.c4 e5 2.Nc3 Nf6 3.Nf3 Nc6 4.g3 d5 5.cxd5 Nxd5 6.Bg2 Nb6 7.O-O Be7 8.d3 O-O
9.Be3 Kh8 10.Rc1 f5 11.Qd2 Be6 12.a3 Nd4 13.Bxd4 exd4 14.Nb5 c5 15.b4 a6
16.Nd6 Bxd6 17.bxc5 Nc4 18.dxc4 Bxc5 19.Rfd1 Qf6 20.a4 Bd7 21.a5 Ba4 22.Rf1 Bc6
23.Ne1 Be4 24.Nd3 Qc6 25.Nf4 Bxg2 26.Nxg2 Rae8 27.Rb1 Re4 28.Rb2 Rfe8 29.Qd3 Qa4
30.Nf4 Bd6 31.Nd5 Qxa5 32.Rxb7 Qa3 33.Rd7 a5 34.Rb1 Bf8 35.Nc7 Qxd3 36.exd3 Re1+
37.Rxe1 Rxe1+ 38.Kg2 Re7 39.Rd8 Kg8 40.Nb5 a4 41.Ra8 Re2 42.Nxd4  1-0

[Event "7th Open"]
[Site "Dubai UAE"]
[Date "2005.04.04"]
[Round "1"]
[White "Mamedyarov,S"]
[Black "Rohit,G"]
[Result "1-0"]
[WhiteElo "2646"]
[BlackElo "2352"]

1.d4 Nf6 2.Nf3 g6 3.g3 Bg7 4.Bg2 d6 5.O-O O-O 6.b3 c5 7.c4 d5 8.cxd5 Nxd5
9.Bb2 Nc6 10.Qd2 Nc7 11.Rd1 Be6 12.Na3 cxd4 13.Nxd4 Nxd4 14.Bxd4 Bxd4 15.Qxd4 Qxd4
16.Rxd4 Rab8 17.Rc1 Rfc8 18.f4 Ne8 19.Rxc8 Rxc8 20.Ra4 Nf6 21.Bxb7 Rc1+ 22.Kg2 Nd5
23.Bxd5 Bxd5+ 24.e4 Bc6 25.Rc4 Rxc4 26.Nxc4 Bxe4+ 27.Kf2 Kf8 28.Ke3 Bb1 29.a3 Ke8
30.Kd4 f6 31.b4 Kd7 32.Kc5 Be4 33.a4 Bf3 34.b5 Be2 35.a5 Bf3 36.a6 Kc7 37.b6+ Kb8
38.Na5 e5 39.fxe5 fxe5 40.h4 h6 41.Nc4 Be2 42.Nxe5 Bxa6 43.bxa7+ Kxa7 44.Nxg6 Kb8
45.Kd6 Bc8  1-0

[Event "7th Open"]
[Site "Dubai UAE"]
[Date "2005.04.06"]
[Round "3"]
[White "Mamedyarov,S"]
[Black "Mamedov,Rau"]
[Result "1/2-1/2"]
[WhiteElo "2646"]
[BlackElo "2511"]

1.e4 c5 2.c3 d6 3.d4 Nf6 4.Bd3 cxd4 5.cxd4 g6 6.h3 Bg7 7.Nf3 O-O 8.Nc3 Nc6
9.O-O e5 10.dxe5 dxe5 11.Be3 Qe7 12.Bg5 Be6 13.Nd5 Bxd5 14.exd5 Nd4 15.Nxd4 exd4
16.Qb3 Qd7 17.Bc4 Ne4 18.Bf4 Rac8 19.Rae1 Qf5 20.Bd3 Qxf4 21.Rxe4 Qc7 22.Rfe1 Bf6
23.h4 Kg7 24.h5 Rfd8 25.g3 Rd6 26.Rf4 Qb6 27.Qxb6  1/2-1/2

[Event "7th Open"]
[Site "Dubai UAE"]
[Date "2005.04.08"]
[Round "5"]
[White "Mamedyarov,S"]
[Black "Burmakin,V"]
[Result "1/2-1/2"]
[WhiteElo "2646"]
[BlackElo "2552"]

1.e4 c6 2.d4 d5 3.exd5 cxd5 4.c4 Nf6 5.Nc3 g6 6.cxd5 Nxd5 7.Qb3 Nb6 8.d5 Bg7
9.Be3 O-O 10.Rd1 N8d7 11.Be2 Nf6 12.h3 Ne8 13.Nf3 Nd6 14.Bd4 Bxd4 15.Rxd4 Nd7
16.O-O Nf5 17.Rd2 Qb6 18.Qc4 Qc5 19.Qd3 Nf6 20.Re1 Rd8 21.g4 Nd6 22.Ne5 Bd7
23.Bf1 Be8 24.Qf3 Nc8 25.g5 Nh5 26.Ng4 Qc7 27.Re5 Nd6 28.Rde2 Rd7 29.Re1 a6
30.h4 Kf8 31.Bh3 Nc4 32.R5e2 Qf4 33.Qd3 Nd6 34.Ne4 Nf5 35.Qc3 Nhg7 36.d6 Nxd6
37.Nef6 exf6 38.Nxf6 Rdd8 39.Qc7 Nh5 40.Qe7+ Kg7 41.Nd5 Qxh4 42.Qe5+ f6 43.Nxf6 Nxf6
44.Qxf6+ Kg8 45.Rxe8+ Rxe8 46.Rxe8+ Rxe8 47.Be6+ Rxe6 48.Qxe6+ Nf7 49.Qc8+ Kg7
50.Qc3+ Kf8 51.Qc8+ Kg7  1/2-1/2

[Event "7th Open"]
[Site "Dubai UAE"]
[Date "2005.04.09"]
[Round "6"]
[White "Kuzubov,Y"]
[Black "Mamedyarov,S"]
[Result "0-1"]
[WhiteElo "2558"]
[BlackElo "2646"]

1.d4 Nf6 2.c4 g6 3.Nc3 d5 4.cxd5 Nxd5 5.e4 Nb6 6.h3 Bg7 7.Nf3 O-O 8.Be2 Nc6
9.Be3 f5 10.exf5 Bxf5 11.Qb3+ Kh8 12.d5 Ne5 13.Nxe5 Bxe5 14.O-O e6 15.f4 Bg7
16.g4 Qh4 17.Kh2 exd5 18.Bxb6 axb6 19.gxf5 Rae8 20.Qd1 d4 21.Nd5 Rxf5 22.Bc4 b5
23.Qg4 Qd8 24.Bxb5 c6 25.Bc4 cxd5 26.Bd3 Rff8 27.f5 Re3 28.Rad1 Be5+  0-1

[Event "7th Open"]
[Site "Dubai UAE"]
[Date "2005.04.11"]
[Round "8"]
[White "Koneru,H"]
[Black "Mamedyarov,S"]
[Result "0-1"]
[WhiteElo "2508"]
[BlackElo "2646"]

1.Nf3 c5 2.g3 Nc6 3.d4 cxd4 4.Nxd4 g6 5.Bg2 Bg7 6.Nb3 Nf6 7.Nc3 d6 8.e4 O-O
9.O-O Be6 10.Nd5 Rc8 11.c3 Ne5 12.Nd4 Bg4 13.Qb3 Nxd5 14.exd5 Qd7 15.f3 Bh3
16.Bxh3 Qxh3 17.Bg5 h6 18.Bf4 Nd3 19.Be3 Qd7 20.Rad1 Ne5 21.Qc2 b5 22.Qe2 Qb7
23.Nxb5 Rb8 24.Nxa7 Qxb2 25.Qxb2 Rxb2 26.Rf2 Rfb8 27.Nc6 Rxf2 28.Kxf2 Nxc6
29.dxc6 Rc8 30.c4 Rxc6 31.Rc1 f5 32.f4 Kf7 33.Ke2 Ke6 34.Rc2 Kd7 35.a4 Ra6
36.Ra2 Kc6 37.Kd3 e5 38.a5 e4+ 39.Kd2 d5 40.cxd5+ Kxd5 41.Ra4 Kc6 42.Rc4+ Kb5
43.Rc5+ Ka4 44.Ke2 Bf8 45.Rc8 Bb4 46.Rh8 Kxa5 47.Rxh6 Kb5 48.g4 Kc4 49.gxf5 Ra2+
50.Kf1 gxf5 51.Rh3 Bc3 52.Kg1 Bd4 53.Bxd4 Kxd4 54.Rb3 e3 55.Rb1 Ke4 56.Rf1 Rd2
57.h4 e2 58.Re1  0-1

[Event "Presidents Cup"]
[Site "Baku AZE"]
[Date "2005.05.03"]
[Round "3.2"]
[White "Bagirov,R"]
[Black "Mamedyarov,S"]
[Result "0-1"]
[WhiteElo "2461"]
[BlackElo "2646"]

1.d4 d5 2.c4 c6 3.Nf3 Nf6 4.Nc3 dxc4 5.a4 Bf5 6.e3 e6 7.Bxc4 Bb4 8.O-O O-O
9.Nh4 Qe7 10.Nxf5 exf5 11.Qc2 g6 12.f3 c5 13.Qf2 Nc6 14.Na2 Ba5 15.dxc5 Qxc5
16.Bb5 Bb6 17.Kh1 Nd5 18.Qh4 Nxe3 19.Bxe3 Qxe3 20.Nc3 Rad8 21.Bxc6 bxc6 22.Rae1 Qd4
23.Qe7 Qd7 24.Qb4 Rfe8 25.Rd1 Qe6 26.a5 Rxd1 27.Nxd1 Qe2  0-1

[Event "Presidents Cup"]
[Site "Baku AZE"]
[Date "2005.05.03"]
[Round "3.1"]
[White "Mamedyarov,S"]
[Black "Bagirov,R"]
[Result "1-0"]
[WhiteElo "2646"]
[BlackElo "2461"]

1.d4 d5 2.c4 e6 3.Nc3 Bb4 4.Nf3 Nf6 5.Bg5 Nbd7 6.e3 c5 7.cxd5 exd5 8.Bd3 Qa5
9.O-O c4 10.Bf5 Bxc3 11.bxc3 O-O 12.Qc2 Re8 13.Nd2 g6 14.Bxd7 Nxd7 15.f3 Nb6
16.Rfe1 Bd7 17.Bh6 Re6 18.e4 Rae8 19.Re3 f5 20.Rae1 Qa4 21.Qb2 Qb5 22.Qc1 dxe4
23.fxe4 fxe4 24.Nxe4 Bc6 25.a4 Qxa4 26.d5 Nxd5 27.Rf3 Qa5 28.Ref1 Qd8 29.Qg5 R6e7
30.Nd6  1-0

[Event "Presidents Cup"]
[Site "Baku AZE"]
[Date "2005.05.05"]
[Round "4.1"]
[White "Guseynov,R"]
[Black "Mamedyarov,S"]
[Result "1/2-1/2"]
[WhiteElo "2249"]
[BlackElo "2646"]

1.e4 e5 2.Nf3 Nf6 3.d4 Nxe4 4.Bd3 d5 5.Nxe5 Nd7 6.Nxd7 Bxd7 7.c4 Qh4 8.O-O O-O-O
9.c5 g6 10.Nc3 Bg7 11.Ne2 Rhe8 12.b4 Bg4 13.Bb2 Qg5 14.Qa4 Bxe2 15.Bxe2 Nd2
16.Rfe1 Kb8 17.c6 Re6 18.Rac1 Rde8 19.Qb5 b6 20.g3 Nf3+ 21.Bxf3 Rxe1+ 22.Rxe1 Rxe1+
23.Kg2 Qf5 24.Qa6 Qc8 25.Qd3 Re6 26.Bxd5 Rd6 27.Bf3 a6 28.Qc4 f5 29.a4 Ka7
30.Be2 Bf6 31.Bc3 Qa8 32.Bf3 Qe8 33.h3 g5 34.d5 Bxc3 35.Qxc3 g4 36.hxg4 fxg4
37.Bxg4 Rxd5 38.Bf3 Rf5 39.Qd3 Qf7 40.a5 bxa5 41.Qd4+ Kb8  1/2-1/2

[Event "Presidents Cup"]
[Site "Baku AZE"]
[Date "2005.05.07"]
[Round "5.1"]
[White "Radjabov,T"]
[Black "Mamedyarov,S"]
[Result "1/2-1/2"]
[WhiteElo "2673"]
[BlackElo "2646"]

1.d4 Nf6 2.Nf3 b5 3.Bg5 Bb7 4.e3 a6 5.Bd3 e6 6.Nbd2 Be7 7.c3 O-O 8.a4 bxa4
9.Rxa4 h6 10.Bxf6 Bxf6 11.Qe2 d6 12.O-O Re8 13.Rfa1 e5 14.dxe5 Bxe5 15.Nxe5 Rxe5
16.Be4 Bxe4 17.Rxe4 Rxe4 18.Nxe4 a5 19.Qb5 Ra6 20.h3 Rb6  1/2-1/2

[Event "6th EICC"]
[Site "Warsaw POL"]
[Date "2005.06.25"]
[Round "7"]
[White "Mamedyarov,S"]
[Black "Nyback,T"]
[Result "1-0"]
[WhiteElo "2646"]
[BlackElo "2551"]

1.d4 Nf6 2.c4 e6 3.Nf3 b6 4.g3 Ba6 5.b3 d5 6.cxd5 exd5 7.Bg2 Bd6 8.O-O Nbd7
9.Nc3 O-O 10.Re1 Re8 11.Bb2 Rc8 12.Nd2 c6 13.Rc1 Nf8 14.e4 dxe4 15.Ndxe4 Bb4
16.a3 Nxe4 17.Bxe4 Be7 18.d5 Bg5 19.Rb1 cxd5 20.Nxd5 Bb7 21.Qd4 Ne6 22.Bxh7+ Kxh7
23.Rxe6 f6 24.Rxe8 Qxe8 25.h4 Rd8 26.hxg5 Rxd5 27.Qh4+ Kg8 28.gxf6 Rh5 29.f7+ Qxf7
30.Qd8+ Kh7 31.Qd3+ g6 32.f4 Qe6 33.Be5 Qc6 34.Kf2 Qg2+ 35.Ke3 Qxg3+ 36.Kd4 Qf2+
37.Kc3 Qc5+ 38.Qc4 Rh3+ 39.Kb2 Rh2+ 40.Kc3 Qe3+ 41.Kb4 Kh6 42.Rd1 Rh3 43.a4 Ba6
44.Rd8 Qxe5 45.fxe5 Bxc4 46.Rh8+  1-0

[Event "6th EICC"]
[Site "Warsaw POL"]
[Date "2005.06.29"]
[Round "11"]
[White "Markowski,T"]
[Black "Mamedyarov,S"]
[Result "0-1"]
[WhiteElo "2560"]
[BlackElo "2646"]

1.g3 c5 2.Bg2 Nc6 3.c4 g6 4.Nc3 Bg7 5.e3 e5 6.Nge2 Nge7 7.d3 d6 8.O-O Be6
9.Nd5 O-O 10.b3 e4 11.Rb1 exd3 12.Qxd3 Nxd5 13.cxd5 Ne5 14.Qc2 Bd7 15.Bb2 Rc8
16.h3 c4 17.bxc4 b5 18.Qb3 bxc4 19.Qa3 Qc7 20.Bc3 Rb8 21.Ba5 Rb6 22.Bxb6 axb6
23.Rfc1 Rc8 24.Rc2 Nd3 25.Be4 Nc5 26.Rxc4 Qb7 27.Bg2 Ra8 28.Qc1 Rxa2 29.Rc2 Ra4
30.Nc3 Ra5 31.Qd2 Bf5 32.e4 Bd7 33.Qe2 h5 34.Qc4 b5 35.Qb4 Qb6 36.Bf1 Na6
37.Qb3 Nc5 38.Qc4 bxc4 39.Rxb6 Ra1 40.Kg2 Nd3 41.Bxd3 cxd3 42.Rd2 Bxc3 43.Rxd3 Be5
44.Rb7 Ba4 45.Rd2 Rc1 46.h4 Bc2 47.f3 Bc3 48.Re2 Bd3 49.Ra2 Bd4 50.Rd2 Bf1+
51.Kh2 Bg1+ 52.Kh1 Be3  0-1

[Event "6th EICC"]
[Site "Warsaw POL"]
[Date "2005.06.30"]
[Round "12"]
[White "Socko,B"]
[Black "Mamedyarov,S"]
[Result "1-0"]
[WhiteElo "2583"]
[BlackElo "2646"]

1.e4 e5 2.Nf3 Nc6 3.Bb5 a6 4.Ba4 Nf6 5.O-O Nxe4 6.d4 b5 7.Bb3 d5 8.dxe5 Be6
9.Be3 Bc5 10.Qd3 O-O 11.Rd1 Bxe3 12.Qxe3 Na5 13.Nbd2 Nxd2 14.Rxd2 c6 15.c3 Qc7
16.h3 Rae8 17.Re1 Bf5 18.Rde2 Be4 19.Nd2 Bg6 20.Qc5 Nb7 21.Qa7 a5 22.a4 Ra8
23.Qe3 b4 24.f4 bxc3 25.bxc3 f6 26.c4 fxe5 27.cxd5 Kh8 28.fxe5 cxd5 29.Bxd5 Rad8
30.Bxb7 Qxb7 31.e6 Rde8 32.Qc5 Qb4 33.Qxb4 axb4 34.e7 Rf6 35.Re5 Kg8 36.Rb5 Rd6
37.Nf3 Rd7 38.a5 Rdxe7 39.Rxe7 Rxe7 40.a6 h6 41.Rb7 Re8 42.a7 Be4 43.Rxb4 Bd5
44.Rb5 Be4 45.Nd2 Bc6 46.Rb6 Bd5 47.Rb8 Kf7 48.Rxe8 Kxe8 49.Nc4 Kd8 50.Nb6  1-0

[Event "6th EICC"]
[Site "Warsaw POL"]
[Date "2005.07.01"]
[Round "13"]
[White "Mamedyarov,S"]
[Black "Galego,L"]
[Result "1-0"]
[WhiteElo "2646"]
[BlackElo "2493"]

1.d4 Nf6 2.c4 e6 3.Nf3 b6 4.g3 Ba6 5.b3 Bb4+ 6.Bd2 Be7 7.Nc3 d5 8.cxd5 exd5
9.Bg2 O-O 10.O-O c6 11.Ne5 Bb7 12.Re1 Na6 13.e4 c5 14.Nxd5 cxd4 15.Nxe7+ Qxe7
16.Nc4 Nc5 17.Bg5 Qd7 18.Bxf6 gxf6 19.Qh5 Qe7 20.Rad1 Rfd8 21.Bh3 Ne6 22.Bf5 Nf8
23.e5 Ng6 24.e6 Kg7 25.Qg4 h5 26.Qxh5 Rh8 27.Qe2 Qc5 28.Be4 d3 29.Qf3 Bxe4
30.Rxe4 b5 31.Ne3 Ne5 32.Nf5+  1-0

[Event "15th ETC"]
[Site "Gothenburg SWE"]
[Date "2005.07.30"]
[Round "1"]
[White "Mamedyarov,S"]
[Black "Kristjansson,St"]
[Result "1-0"]
[WhiteElo "2646"]
[BlackElo "2459"]

1.d4 Nf6 2.c4 g6 3.Nf3 Bg7 4.g3 O-O 5.Bg2 d5 6.cxd5 Nxd5 7.O-O Nb6 8.Nc3 Nc6
9.d5 Na5 10.Qc2 Bd7 11.Rd1 Qc8 12.b3 c6 13.d6 exd6 14.Ba3 c5 15.Rxd6 Re8
16.Rad1 Bf5 17.Qc1 c4 18.b4 Nc6 19.b5 Ne5 20.Nxe5 Bxe5 21.R6d2 a6 22.bxa6 Rxa6
23.Bb2 Ra5 24.Rd6 Bxd6 25.Rxd6 Qc7 26.Qf4 Rae5 27.Qd4 Nc8 28.Rd5 f6 29.f4 R5e6
30.Rc5 Qd6 31.Bd5 Kg7 32.Nb5 Qd8 33.Bxe6 Bxe6 34.Rc7+ Bf7 35.Qxc4 Re7 36.Bxf6+ Kxf6
37.Qc3+ Kf5 38.Nd4+  1-0

[Event "15th ETC"]
[Site "Gothenburg SWE"]
[Date "2005.08.01"]
[Round "3"]
[White "Mamedyarov,S"]
[Black "Papaioannou,I"]
[Result "1-0"]
[WhiteElo "2646"]
[BlackElo "2578"]

1.d4 Nf6 2.c4 e6 3.Nf3 c5 4.d5 d6 5.Nc3 exd5 6.cxd5 g6 7.e4 a6 8.a4 Bg4 9.Qb3 Bxf3
10.Qxb7 Nbd7 11.gxf3 Bg7 12.Qc6 Rb8 13.a5 O-O 14.Qxd6 Nh5 15.f4 Bd4 16.Be2 Qh4
17.Qxd7 Nf6 18.Qa4 Qxf2+ 19.Kd1 Rfe8 20.Rf1 Qg2 21.Qc2 Bxc3 22.Bxa6 Qg4+
23.Be2 Qg2 24.Bb5 Qg4+ 25.Qe2 Qxe2+ 26.Bxe2 Bxb2 27.Rb1 Bxc1 28.Rxb8 Rxb8
29.Kxc1 Nxe4 30.Kc2 Kf8 31.a6 Ke7 32.Ra1 Nd6 33.Ra5 Rc8 34.Kc3 h6 35.h4 f6
36.Bb5 Ra8 37.Bd3 g5 38.Rxc5 Ra7 39.fxg5 fxg5 40.hxg5 hxg5 41.Kd4 g4 42.Rc1  1-0

[Event "15th ETC"]
[Site "Gothenburg SWE"]
[Date "2005.08.04"]
[Round "6"]
[White "Mamedyarov,S"]
[Black "Eljanov,P"]
[Result "1-0"]
[WhiteElo "2646"]
[BlackElo "2639"]

1.d4 Nf6 2.c4 g6 3.Nc3 d5 4.Bf4 Bg7 5.e3 c5 6.dxc5 Qa5 7.Rc1 dxc4 8.Bxc4 O-O
9.Ne2 Qxc5 10.Qb3 Nc6 11.Nb5 Qh5 12.Ng3 Qh4 13.Nc7 e5 14.Bg5 Qxg5 15.h4 Qg4
16.Nxa8 Na5 17.Qb5 Nxc4 18.Rxc4 Bd7 19.Qb4 e4 20.Qxb7 Be6 21.Rd4 Nd7 22.Rxd7 Bxd7
23.Nc7 Be5 24.O-O Qxh4 25.Qxa7 Bxb2 26.a4 Be5 27.a5 Bc6 28.Qb6 Rc8 29.Qxc6 Bxg3
30.fxg3 Qxg3 31.Qxe4 Qxc7 32.a6 Qa7 33.Ra1 Rd8 34.Kh1 Ra8 35.Qc6 Rb8 36.Qd6 Ra8
37.Ra3 Rc8 38.Kh2 Ra8 39.Kg1 Rc8 40.Rb3 Qc7 41.Qxc7 Rxc7 42.Ra3 Ra7 43.Kf2 Kf8
44.e4 Ke7 45.Ke3 Kd6 46.Kd4 f6 47.Kc4 Kc6 48.g3 h5 49.Ra2 Kb6 50.Rf2 Rc7+
51.Kd5 Rc5+ 52.Kd6 Rc6+ 53.Kd7 Rc7+ 54.Ke6 Rc6+ 55.Kf7 g5 56.Rh2 Kxa6 57.Rxh5 Kb7
58.g4 Kc7 59.Rh1 Rd6 60.Ke7 Rc6 61.Rd1 Rb6 62.Rf1 Rc6 63.Rd1 Rc4 64.Kxf6 Rxe4
65.Kxg5 Ra4 66.Kh5  1-0

[Event "15th ETC"]
[Site "Gothenburg SWE"]
[Date "2005.08.05"]
[Round "7"]
[White "Sokolov,I"]
[Black "Mamedyarov,S"]
[Result "1/2-1/2"]
[WhiteElo "2691"]
[BlackElo "2646"]

1.d4 Nf6 2.c4 g6 3.Nc3 d5 4.cxd5 Nxd5 5.e4 Nxc3 6.bxc3 Bg7 7.Nf3 c5 8.Be3 Bg4
9.Qd2 cxd4 10.cxd4 Nc6 11.Rd1 O-O 12.Be2 Qa5 13.O-O Rfc8 14.h3 Bxf3 15.Bxf3 Qxd2
16.Rxd2 Na5 17.Bg5 Nc4 18.Rd3 Nb2 19.Rb3 Bxd4 20.Bxe7 Rc2 21.Rxb7 Re8 22.Rd7 Nc4
23.Rxd4 Rxe7 24.Bd1 Rc3 25.Bb3 Na5 26.Bd5 Nc6 27.Ra4 Rb7 28.Rd1 Kg7 29.Bb3 Rc7
30.f4 h5 31.Kf2 a5 32.Ke2 h4 33.Rd3 Rc1 34.Rd2 Rg1 35.Kf2 Rc1 36.e5 Rc3 37.Re4 Ne7
38.Red4 a4 39.Rxa4 Nf5 40.Ra8 g5 41.Rdd8 Ne7 42.fxg5 R3c5 43.Rh8 Rxe5 44.Rxh4 Rxg5
45.Rg4 Rxg4 46.hxg4 Ng6 47.Re8 Kf6 48.Re4 Kg5 49.g3 f6 50.Rc4 Ra7 51.Rc8 Kxg4
52.Rg8 Kg5 53.Ke3 f5 54.Kd4 Kf6 55.a4 Rd7+ 56.Kc3 Rc7+ 57.Kb4 Rb7+ 58.Ka3 Ra7
59.Bc4 f4 60.gxf4 Nxf4 61.Kb4 Ke5 62.Rd8 Rb7+ 63.Ka5 Ra7+ 64.Kb5 Rb7+ 65.Kc6 Rb4
66.Re8+ Kd4 67.Bb5 Rb1 68.Rd8+ Ke5 69.a5 Rc1+ 70.Kb7 Ne6 71.Re8 Kd6 72.Kb6 Rb1
73.Rh8 Nd4 74.Rh6+ Kd5 75.Rh5+ Kd6 76.a6 Rxb5+ 77.Rxb5 Nxb5 78.Kxb5 Kc7 79.a7 Kb7
80.Kc5  1/2-1/2

[Event "15th ETC"]
[Site "Gothenburg SWE"]
[Date "2005.08.06"]
[Round "8"]
[White "Gustafsson,J"]
[Black "Mamedyarov,S"]
[Result "1/2-1/2"]
[WhiteElo "2614"]
[BlackElo "2646"]

1.d4 Nf6 2.c4 g6 3.Nc3 d5 4.cxd5 Nxd5 5.e4 Nxc3 6.bxc3 Bg7 7.Bc4 c5 8.Ne2 Nc6
9.Be3 O-O 10.O-O Qc7 11.Rc1 Rd8 12.Bf4 Qd7 13.dxc5 Qe8 14.Bd5 Bd7 15.Qd3 Bf6
16.Qe3 e6 17.Bxc6 Bxc6 18.Bd6 e5 19.c4 h6 20.Qxh6 Bxe4 21.Nc3 Bc6 22.Nd5 Bxd5
23.cxd5 b6 24.Rfd1 Rac8 25.Qe3 Qb5 26.Bxe5 Bxe5 27.Qxe5 Rxc5 28.Rxc5 Qxc5
29.Qg5 Re8 30.Qd2 Qd6 31.h4 b5 32.Qd4 a5 33.g3 a4 34.Rc1 b4 35.Qc5 Qxc5 36.Rxc5 b3
37.axb3 axb3 38.Rb5 Rd8 39.Kg2 b2 40.Rxb2 Rxd5 41.Rb7 Kg7 42.g4 Ra5 43.Kg3 Rc5
44.Re7 Kf6 45.Re4 Ra5 46.Re1 Ra3+ 47.f3 Ra5 48.g5+ Kg7 49.Kg4 Ra2 50.f4 Rg2+
51.Kf3 Ra2 52.Re5 Ra3+ 53.Kg4 Ra4 54.Re1 Rb4 55.Rf1 Ra4 56.h5 gxh5+ 57.Kxh5 Ra2
58.Rb1 Ra5 59.Kg4 Ra4 60.Rb8 Kg6 61.Rb6+ Kg7 62.Rb3 Kg6 63.Kf3 Ra5 64.Rb6+ Kg7
65.Rd6 Ra3+ 66.Ke4 Ra4+ 67.Ke5 Ra5+ 68.Rd5 Rxd5+ 69.Kxd5 f6 70.g6 Kxg6 71.Ke6 f5
72.Ke5 Kg7 73.Ke6  1/2-1/2

[Event "15th ETC"]
[Site "Gothenburg SWE"]
[Date "2005.08.07"]
[Round "9"]
[White "Mamedyarov,S"]
[Black "Gyimesi,Z"]
[Result "1-0"]
[WhiteElo "2646"]
[BlackElo "2628"]

1.d4 Nf6 2.c4 e6 3.Nf3 d5 4.Nc3 c5 5.Bg5 dxc4 6.e3 a6 7.a4 Nc6 8.Bxc4 cxd4
9.exd4 Be7 10.O-O O-O 11.Re1 Bd7 12.Qe2 Rc8 13.Rad1 Nd5 14.Bxd5 Bxg5 15.Be4 Bh6
16.d5 exd5 17.Rxd5 Qc7 18.Bxh7+ Kxh7 19.Qd3+ Kg8 20.Rxd7 Qb6 21.Re2 Rcd8
22.h4 Bc1 23.Rxd8 Rxd8 24.Qc2 Bh6 25.Nd5 Qa5 26.Ne7+ Nxe7 27.Rxe7 Qd5 28.Qc7 Rf8
29.a5 Qd8 30.Qxd8 Rxd8 31.Rxb7 Rd1+ 32.Kh2 Rd5 33.b4 Bf4+ 34.g3 Bd6 35.Kg2 f6
36.Rb6 Be7 37.Rb7 Kf7 38.g4 Ke6 39.b5 axb5 40.a6  1-0

[Event "Masters"]
[Site "Abu Dhabi UAE"]
[Date "2005.08.14"]
[Round "1"]
[White "Mamedyarov,S"]
[Black "Boricsev,O"]
[Result "1-0"]
[WhiteElo "2646"]
[BlackElo "2373"]

1.d4 d5 2.c4 e6 3.Nc3 c5 4.cxd5 exd5 5.e4 dxe4 6.Bc4 Nc6 7.d5 Nd4 8.Nge2 Nxe2
9.Qxe2 Nf6 10.Bg5 Be7 11.O-O-O Qd6 12.Nb5 Qd7 13.d6 Bd8 14.Nc7+ Bxc7 15.Bb5 Bd8
16.Bxf6 Bxf6 17.Qxe4+ Kf8 18.Bxd7 Bxd7 19.Qxb7 Rd8 20.Rhe1 g6 21.Re7 Bxe7
22.dxe7+ Kxe7 23.Qc7 f6 24.Qxc5+ Kf7 25.Qxa7 Ke7 26.Qc5+ Kf7 27.Qd5+  1-0

[Event "Masters"]
[Site "Abu Dhabi UAE"]
[Date "2005.08.16"]
[Round "3"]
[White "Mamedyarov,S"]
[Black "Anastasian,A"]
[Result "1/2-1/2"]
[WhiteElo "2646"]
[BlackElo "2595"]

1.d4 Nf6 2.c4 e6 3.Nc3 Bb4 4.Nf3 Bxc3+ 5.bxc3 d6 6.Bg5 h6 7.Bh4 Nbd7 8.Nd2 e5
9.e3 b6 10.Bd3 Bb7 11.f4 exf4 12.exf4 Qe7+ 13.Qe2 Qxe2+ 14.Bxe2 O-O 15.Kf2 Rfe8
16.Bf3 Ne4+ 17.Nxe4 Bxe4 18.g4 Bxf3 19.Kxf3 Nb8 20.Rhe1 Nc6 21.c5 Kf8 22.d5 Ne7
23.Bxe7+ Rxe7 24.Rxe7 Kxe7 25.Re1+ Kf8 26.c6 Re8 27.Rb1 Ke7 28.g5 hxg5 29.Re1+ Kf8
30.Rxe8+ Kxe8 31.fxg5 b5 32.h4  1/2-1/2

[Event "Masters"]
[Site "Abu Dhabi UAE"]
[Date "2005.08.21"]
[Round "7"]
[White "Mamedyarov,S"]
[Black "Fedorov,Alex"]
[Result "1/2-1/2"]
[WhiteElo "2646"]
[BlackElo "2611"]

1.d4 Nf6 2.c4 g6 3.Nf3 Bg7 4.g3 O-O 5.Bg2 d6 6.O-O Nc6 7.Nc3 a6 8.h3 Bd7
9.e4 e5 10.dxe5 Nxe5 11.Nxe5 dxe5 12.Be3 Be6 13.Qe2 c6 14.Rfd1 Qa5 15.a3 Rfd8
16.Rdc1 Re8 17.b4 Qd8 18.a4 a5 19.Rab1 Nd7 20.bxa5 Qxa5 21.Nd5 Reb8 22.Bd2 Qd8
23.Bb4 Bf8 24.Bxf8 Kxf8 25.Rd1 b6 26.Qa2 Kg7 27.Qa3 cxd5 28.cxd5 Bxh3 29.Bxh3 Nc5
30.d6 Rxa4 31.Qb2 Qf6 32.d7 Rxe4 33.Rd5 Rd8 34.Rbd1 Rd4 35.Qe2 Rxd1+ 36.Qxd1 Ne4
37.Qe1 Ng5 38.Bg2 h6 39.Qc3 e4 40.Qc7 Qe7 41.Qxb6 Nf3+ 42.Bxf3 exf3 43.Kh2 h5
44.Qd4+ Kh7 45.Qd3 Kg8 46.Rd6 Kg7 47.Rd5  1/2-1/2

[Event "Masters"]
[Site "Abu Dhabi UAE"]
[Date "2005.08.22"]
[Round "8"]
[White "Goloshchapov,A"]
[Black "Mamedyarov,S"]
[Result "1/2-1/2"]
[WhiteElo "2519"]
[BlackElo "2646"]

1.e4 Nf6 2.e5 Nd5 3.d4 d6 4.Nf3 dxe5 5.Nxe5 c6 6.g3 Nd7 7.Nd3 N7f6 8.Nd2 Bf5
9.Nf3 e6 10.c3 Be7 11.Bg2 O-O 12.O-O Qb6 13.Qe2 Rfd8 14.Nfe5 h6 15.Re1 Rac8
16.Bd2 c5 17.dxc5 Bxc5 18.Nxc5 Rxc5 19.g4 Nxg4 20.Nxg4 Qxb2 21.h3 Nxc3 22.Bxc3 Qxc3
23.Rad1 Rxd1 24.Rxd1 b5 25.Ne3 Bg6 26.Qf3 Rc8 27.Qb7 Qc5 28.Rd7 a5 29.Qa6 b4
30.Ra7 Qc1+ 31.Nf1 Rc2 32.Qxa5 Qf4  1/2-1/2

[Event "49th TCh-ESP Honor 2"]
[Site "Sant Lluis ESP"]
[Date "2005.09.04"]
[Round "5"]
[White "Malakhov,V"]
[Black "Mamedyarov,S"]
[Result "0-1"]
[WhiteElo "2673"]
[BlackElo "2646"]

1.Nf3 Nf6 2.c4 g6 3.g3 Bg7 4.Bg2 c6 5.O-O O-O 6.d4 d5 7.cxd5 cxd5 8.Ne5 Ng4
9.Nxg4 Bxg4 10.Nc3 Nc6 11.Be3 e5 12.Nxd5 exd4 13.Bc1 Re8 14.Re1 Rc8 15.h3 Bf5
16.a3 Qd7 17.Kh2 Be4 18.Nf4 Bxg2 19.Kxg2 Ne5 20.Nd3 Nc4 21.Bd2 Qb5 22.Rb1 h5
23.h4 Re4 24.Bf4 Rce8 25.Qc2 Nb6 26.Rbd1 Nd5 27.Bc1 b6 28.Kf1 Qd7 29.Nf4 Nxf4
30.Bxf4 Bf6 31.Qd2 Bxh4 32.gxh4 g5 33.f3 Rxf4 34.Kg2 Qf5 35.e4 dxe3 36.Rxe3 Rxe3
37.Qxe3 Rxh4 38.Rd8+ Kh7 39.Qc3 Qh3+ 40.Kf2 Qh2+ 41.Kf1 Qh1+ 42.Kf2 Rh2+
43.Ke3 Qg1+ 44.Ke4 Rh4+ 45.Ke5 Rf4 46.b4 Qg3 47.Qd3+ Rf5+  0-1